书目信息 |
| 题名: |
如何让孩子自觉又主动
|
|
| 作者: | 西格 , 布赖森 著 ;黄珏苹 译 | |
| 分册: | ||
| 出版信息: | 杭州 浙江教育出版社 2022.07 |
|
| 页数: | 202页 | |
| 开本: | 23cm | |
| 丛书名: | ||
| 单 册: | ||
| 中图分类: | G61 , G782 | |
| 科图分类: | ||
| 主题词: | 儿童--智力开发 , 儿童教育--家庭教育 | |
| 电子资源: | ||
| ISBN: | 978-7-5722-0378-7 | |
| 000 | 01600nam0 2200325 450 | |
| 001 | 012001001487 | |
| 005 | 20140201151535.0 | |
| 010 | @a978-7-5722-0378-7@dCNY65.90 | |
| 100 | @a20220905d2020 em y0chiy50 ea | |
| 101 | 1 | @achi@ceng |
| 102 | @aCN@b330000 | |
| 105 | @aa z 000yy | |
| 106 | @ar | |
| 200 | 1 | @a如何让孩子自觉又主动@Aru he rang hai zi zi jue you zhu dong@e全球知名脑科学家揭示如何培养孩子的开放式大脑@d= The yes brain@ehow to cultivate courage, curiosity and resilience in your child@f(美)丹尼尔·西格尔(Daniel J. Siegel),(美)蒂娜·佩恩·布赖森(Tina Payne Bryson)著@g黄珏苹译@zeng |
| 210 | @a杭州@c浙江教育出版社@d2022.07 | |
| 215 | @a202页@c照片@d23cm | |
| 300 | @a西格尔全脑教养系列 | |
| 300 | @a由Random House, a division of Penguin Random House LLC授权出版 | |
| 330 | @a本书通过对神经科学和发展心理学的全新而清晰的解读,配以实用的指导,培养孩子的开放式大脑,带领父母和孩子走出困局,达到相互理解和欣赏。这本书给了父母和孩子必要的工具和勇气来面对快速变化的世界的挑战。 | |
| 510 | 1 | @aYes brain@ehow to cultivate courage, curiosity and resilience in your child@zeng |
| 517 | 1 | @a全球知名脑科学家揭示如何培养孩子的开放式大脑@Aquan qiu zhi ming nao ke xue jia jie shi ru he pei yang hai zi de kai fang shi da nao |
| 606 | 0 | @a儿童@x智力开发 |
| 606 | 0 | @a儿童教育@x家庭教育 |
| 690 | @aG61@v5 | |
| 690 | @aG782@v5 | |
| 701 | 0 | @c(美)@a西格@Axi ge er@c(Siegel, Daniel J.@f1957~)@4著 |
| 701 | 0 | @c(美)@a布赖森@Abu lai sen@c(Bryson, Tina Payne)@4著 |
| 702 | 0 | @a黄珏苹@Ahuang jue ping@4译 |
| 801 | 0 | @aCN@bAHXH@c20221111 |
| 905 | @b1366373-7@dG61@e2683@f5 | |
| 如何让孩子自觉又主动:全球知名脑科学家揭示如何培养孩子的开放式大脑= The yes brain:how to cultivate courage, curiosity and resilience in your child/(美)丹尼尔·西格尔(Daniel J. Siegel),(美)蒂娜·佩恩·布赖森(Tina Payne Bryson)著/黄珏苹译.-杭州:浙江教育出版社,2022.07 |
| 202页:照片;23cm |
| 西格尔全脑教养系列.-由Random House, a division of Penguin Random House LLC授权出版 |
| ISBN 978-7-5722-0378-7:CNY65.90 |
| 本书通过对神经科学和发展心理学的全新而清晰的解读,配以实用的指导,培养孩子的开放式大脑,带领父母和孩子走出困局,达到相互理解和欣赏。这本书给了父母和孩子必要的工具和勇气来面对快速变化的世界的挑战。 |
| ● |
| 相关链接 |
|
|
|
|
正题名:如何让孩子自觉又主动
索取号:G61/2683
 
预约/预借
| 序号 | 登录号 | 条形码 | 馆藏地/架位号 | 状态 | 备注 |
| 1 | 1366373 | 213663739 | 第一样本阅览室/ [索取号:G61/2683] | 在馆 | |
| 2 | 1366374 | 213663748 | 教育系资料室/ [索取号:G61/2683] | 在馆 | |
| 3 | 1366375 | 213663757 | 教育系资料室/ [索取号:G61/2683] | 在馆 | |
| 4 | 1366376 | 213663766 | 第四借阅区/ [索取号:G61/2683] | 在馆 | |
| 5 | 1366377 | 213663775 | 第四借阅区/ [索取号:G61/2683] | 在馆 |